000
00266nam a2200133Ia 4500
100
_a
author
650
_a
Statistics
942
_c
BK
245
_a
Applied Multivariate statistical analysis
260
_b
#N/A
082
_b
APP
546
_a
ENGLISH
999
_c
34983
_d
34983